[Event "Krasnodar Region-ch op"]
[Site "Krasnodar"]
[Date "2008.10.??"]
[Round "7"]
[White "Emelianov, Sergey"]
[Black "Volkov, Sergey1"]
[Result "1-0"]
[WhiteElo "2289"]
[BlackElo "2035"]
[PlyCount "55"]
[EventDate "2008.10.18"]
[EventType "swiss"]
[EventRounds "9"]
[EventCountry "RUS"]
[SourceTitle "EXT 2022"]
[Source "ChessBase"]
[SourceDate "2021.10.06"]
[SourceVersion "1"]
[SourceVersionDate "2021.10.06"]
[SourceQuality "1"]

1. e4 c5 2. Nf3 d6 3. d4 cxd4 4. Nxd4 Nc6 5. c4 Nf6 6. Nc3 g6 7. h3 Qb6 8. Nb3 a6 9. Be3 Qc7 10. Nd5 Nxd5 11. exd5 Na5 12. Bd4 Rg8 13. Rc1 Bh6 14. Rc3 e5 15. dxe6 Bxe6 16. Bd3 Nxb3 17. Qxb3 Bg7 18. Bxg7 Rxg7 19. 0-0 g5 20. Be4 f5 21. Bd5 Bxd5 22. cxd5 Qd7 23. Re1+ Kf8 24. Re6 Re8 25. Rce3 Rge7 26. Qd3 Rxe6 27. dxe6 Qe7 28. Qxf5+ 1-0

[Event "Maikop op"]
[Site "Maikop"]
[Date "2004.04.??"]
[Round "7"]
[White "Emelianov, Sergey"]
[Black "Rakov, Valery"]
[Result "0-1"]
[WhiteElo "2285"]
[BlackElo "2192"]
[PlyCount "154"]
[EventDate "2004.04.??"]
[EventType "swiss"]
[EventRounds "9"]
[EventCountry "RUS"]
[SourceTitle "EXT 2006"]
[Source "ChessBase"]
[SourceDate "2005.11.24"]
[SourceVersion "1"]
[SourceVersionDate "2005.11.24"]
[SourceQuality "1"]

1. d4 Nf6 2. c4 c5 3. e3 g6 4. Nc3 Bg7 5. Nf3 0-0 6. h3 cxd4 7. exd4 d5 8. cxd5 Nxd5 9. Bc4 Nxc3 10. bxc3 Qc7 11. Qb3 Nc6 12. Bd5 Bf5 13. 0-0 Na5 14. Qb4 e6 15. Bb3 Rfc8 16. c4 Nxc4 17. Bxc4 Bf8 18. Qb3 Qxc4 19. Qxb7 Rcb8 20. Qd7 e5 21. Nxe5 Bxd7 22. Nxc4 Bb5 23. Ne5 Bxf1 24. Kxf1 Rb4 25. Bd2 Rxd4 26. Bc3 Rd5 27. Ng4 Bg7 28. Nf6+ Bxf6 29. Bxf6 Rd6 30. Be5 Ra6 31. a3 f6 32. Bd4 Rd8 33. Bc5 Rc8 34. Bd4 Rc4 35. Be3 Rc3 36. a4 Kf7 37. a5 g5 38. g4 Kg6 39. Kg2 h5 40. Ra4 h4 41. Bd4 Rd3 42. Kh2 Rb3 43. Kg2 Rb5 44. Bc3 Rd6 45. Bd4 Rb7 46. a6 Rc7 47. Be3 Rcc6 48. Bxa7 Rxa6 49. Rxa6 Rxa6 50. Be3 Ra4 51. Bb6 Kf7 52. Be3 Ke6 53. Bb6 Ke5 54. Bc7+ Ke4 55. Bb6 Ra6 56. Be3 Kd3 57. Bc5 Ke2 58. Be7 Rc6 59. Bd8 Re6 60. Bc7 Re4 61. Bd6 Rc4 62. Be7 Rf4 63. Bc5 f5 64. gxf5 Rxf5 65. Be3 Kd3 66. Kh2 Re5 67. Bb6 Re2 68. Kg2 Ke4 69. Bc5 Kf5 70. Kf3 Re1 71. Bb6 Rg1 72. Bd8 g4+ 73. hxg4+ Rxg4 74. Be7 h3 75. Bd6 Rg2 76. Bc7 Ke6 77. Bb8 Kd5 0-1

[Event "Maikop op"]
[Site "Maikop"]
[Date "2004.04.??"]
[Round "2"]
[White "Emelianov, Sergey"]
[Black "Yandarbiev, Ruslan"]
[Result "1/2-1/2"]
[WhiteElo "2285"]
[BlackElo "2427"]
[PlyCount "67"]
[EventDate "2004.04.??"]
[EventType "swiss"]
[EventRounds "9"]
[EventCountry "RUS"]
[SourceTitle "EXT 2006"]
[Source "ChessBase"]
[SourceDate "2005.11.24"]
[SourceVersion "1"]
[SourceVersionDate "2005.11.24"]
[SourceQuality "1"]

1. e4 c5 2. Nf3 d6 3. d4 cxd4 4. Nxd4 Nf6 5. Nc3 a6 6. Bc4 e6 7. Bb3 b5 8. 0-0 b4 9. Na4 Be7 10. Re1 Bb7 11. f3 0-0 12. Bd2 a5 13. c3 bxc3 14. Bxc3 Nc6 15. Qd2 d5 16. e5 Nd7 17. Nxc6 Bxc6 18. Kh1 Qc7 19. Rac1 Rfc8 20. Bd4 Qb7 21. Qe3 Qb4 22. a3 Qb7 23. f4 g6 24. f5 gxf5 25. g4 f4 26. Qxf4 Qxb3 27. Rf1 Rf8 28. Rxc6 Qxa4 29. Rc7 Rab8 30. Rf3 Bd8 31. Rh3 Bxc7 32. Qg5+ Kh8 33. Rxh7+ Kxh7 34. Qh5+ 1/2-1/2

[Event "Sarkisov Memorial op"]
[Site "Krasnodar"]
[Date "2003.??.??"]
[Round "?"]
[White "Karavaev, Vladimir"]
[Black "Emelianov, Sergey"]
[Result "1-0"]
[WhiteElo "2382"]
[BlackElo "2282"]
[PlyCount "49"]
[EventDate "2003.??.??"]
[EventType "swiss"]
[EventRounds "9"]
[EventCountry "RUS"]
[SourceTitle "EXT 2005"]
[Source "ChessBase"]
[SourceDate "2004.11.15"]
[SourceVersion "1"]
[SourceVersionDate "2004.11.15"]
[SourceQuality "1"]

1. c4 Nf6 2. Nc3 e5 3. Nf3 Nc6 4. e4 Bc5 5. Nxe5 Nxe5 6. d4 Bb4 7. dxe5 Nxe4 8. Qd4 Nxc3 9. bxc3 Be7 10. Qg4 Kf8 11. Be3 d6 12. Qh5 dxe5 13. Rd1 Qe8 14. Qxe5 Bd6 15. Qh5 Be5 16. Be2 Bxc3+ 17. Kf1 Be6 18. f4 Qc6 19. Kf2 g6 20. Qh4 Kg7 21. f5 Bd7 22. Bd4+ Bxd4+ 23. Qxd4+ Qf6 24. Qxf6+ Kxf6 25. Rxd7 1-0

[Event "RUS-ch 1/2 fin"]
[Site "Krasnodar"]
[Date "2002.??.??"]
[Round "?"]
[White "Chunihin, Sergey"]
[Black "Emelianov, Sergey"]
[Result "0-1"]
[WhiteElo "2080"]
[BlackElo "2277"]
[PlyCount "74"]
[EventDate "2002.??.??"]
[EventType "swiss"]
[EventRounds "9"]
[EventCountry "RUS"]
[SourceTitle "EXT 2003"]
[Source "ChessBase"]
[SourceDate "2002.11.25"]
[SourceVersion "1"]
[SourceVersionDate "2002.11.25"]
[SourceQuality "1"]

1. d4 Nf6 2. e3 d5 3. Bd3 c5 4. c3 Nc6 5. f4 Bg4 6. Nf3 e6 7. Nbd2 Bd6 8. a3 Bf5 9. Be2 0-0 10. Ne5 Ne4 11. 0-0 f6 12. g4 fxe5 13. dxe5 Nxd2 14. Bxd2 Be4 15. exd6 Qxd6 16. Be1 c4 17. Bf3 Qc5 18. Bf2 Rad8 19. Be2 b5 20. Qd2 a5 21. Bd1 e5 22. f5 g6 23. Bh4 Rd7 24. f6 h6 25. g5 Rh7 26. Bg4 Kf7 27. Rf2 hxg5 28. Bxg5 Nd8 29. h4 Ne6 30. Bf3 Bxf3 31. Rxf3 Nxg5 32. hxg5 Rfh8 33. Qg2 e4 34. Rg3 Qd6 35. Rd1 Rh1+ 36. Qxh1 Rxh1+ 37. Kxh1 Qxg3 0-1

[Event "RUS-ch 1/2 fin"]
[Site "Krasnodar"]
[Date "2002.??.??"]
[Round "?"]
[White "Emelianov, Sergey"]
[Black "Maiorov, Oleg Ivanovich"]
[Result "0-1"]
[WhiteElo "2277"]
[BlackElo "2460"]
[PlyCount "70"]
[EventDate "2002.??.??"]
[EventType "swiss"]
[EventRounds "9"]
[EventCountry "RUS"]
[SourceTitle "EXT 2003"]
[Source "ChessBase"]
[SourceDate "2002.11.25"]
[SourceVersion "1"]
[SourceVersionDate "2002.11.25"]
[SourceQuality "1"]

1. d4 Nf6 2. c4 c5 3. d5 e5 4. Nc3 d6 5. e4 Be7 6. h4 Nbd7 7. g3 a6 8. a4 b6 9. Bd3 Rb8 10. f3 Nh5 11. Nge2 g6 12. Be3 0-0 13. Bh6 Ng7 14. Qd2 Nf6 15. g4 Kh8 16. h5 Ng8 17. hxg6 fxg6 18. Rh3 Bh4+ 19. Kd1 Nxh6 20. Qxh6 g5 21. Rxh4 gxh4 22. g5 Kg8 23. Ng1 h3 24. Nge2 Rxf3 25. Kd2 h2 26. Qxh2 Qxg5+ 27. Kc2 Qe3 28. Rd1 Bg4 29. Qh4 h5 30. Rd2 Rbf8 31. Nd1 Qh6 32. Ng1 R3f4 33. Qh2 Bxd1+ 34. Rxd1 Rg4 35. Rd2 Qe3 0-1

[Event "Krasnodar Stepanov Memorial op"]
[Site "Krasnodar"]
[Date "2001.??.??"]
[Round "?"]
[White "Stambulian, Arsen"]
[Black "Emelianov, Sergey"]
[Result "1-0"]
[WhiteElo "2396"]
[BlackElo "2290"]
[PlyCount "77"]
[EventDate "2001.10.??"]
[EventType "swiss"]
[EventRounds "9"]
[EventCountry "RUS"]
[SourceTitle "EXT 2003"]
[Source "ChessBase"]
[SourceDate "2002.11.25"]
[SourceVersion "1"]
[SourceVersionDate "2002.11.25"]
[SourceQuality "1"]

1. e4 c5 2. Nf3 Nc6 3. Nc3 e6 4. d4 cxd4 5. Nxd4 Nf6 6. Ndb5 d6 7. Bf4 e5 8. Bg5 a6 9. Na3 b5 10. Bxf6 Qxf6 11. Nd5 Qd8 12. Bd3 Be7 13. 0-0 0-0 14. c3 Bg5 15. Nc2 Rb8 16. Qe2 Be6 17. a4 Bxd5 18. exd5 Ne7 19. axb5 axb5 20. Nb4 Qb6 21. h4 Bh6 22. Ra6 Qc5 23. Rd1 f5 24. Nc6 Nxc6 25. Rxc6 Qa7 26. Rxd6 e4 27. Bxb5 Qc5 28. Rxh6 gxh6 29. c4 Rb6 30. Qe3 Qc7 31. d6 Qd8 32. Qb3 Kg7 33. c5 Rb8 34. c6 Qa5 35. Qg3+ Kf6 36. c7 Rxb5 37. d7 Rd5 38. Rxd5 Qxd5 39. c8Q 1-0

[Event "RUS-ch sf"]
[Site "Krasnodar"]
[Date "1999.??.??"]
[Round "3"]
[White "Emelianov, Sergey"]
[Black "Zhenetl, Roman"]
[Result "1/2-1/2"]
[WhiteElo "2265"]
[BlackElo "2392"]
[PlyCount "72"]
[EventDate "1999.??.??"]
[EventType "swiss"]
[EventRounds "9"]
[EventCountry "RUS"]
[SourceTitle "EXT 2002"]
[Source "ChessBase"]
[SourceDate "2001.11.25"]
[SourceVersion "1"]
[SourceVersionDate "2001.11.25"]
[SourceQuality "1"]

1. d4 d5 2. c4 c6 3. Nf3 Nf6 4. Nc3 dxc4 5. a4 Bf5 6. e3 e6 7. Bxc4 Bb4 8. 0-0 0-0 9. h3 Nbd7 10. Nh4 Nb6 11. Nxf5 exf5 12. Bd3 g6 13. Na2 Bd6 14. b4 Nbd5 15. Rb1 Bc7 16. b5 Qd6 17. g3 Rfe8 18. Re1 h5 19. h4 Ne4 20. Qf3 Ba5 21. Rf1 Nd2 22. Bxd2 Bxd2 23. bxc6 bxc6 24. e4 fxe4 25. Bxe4 Rad8 26. Rb7 Re7 27. Rfb1 Rxb7 28. Rxb7 Nf6 29. Bxg6 fxg6 30. Qd3 Ng4 31. Qxd2 Qxd4 32. Qxd4 Rxd4 33. Rxa7 Rd1+ 34. Kg2 Rd2 35. Nc3 Rxf2+ 36. Kg1 Rc2 1/2-1/2

[Event "RUS-ch sf"]
[Site "Krasnodar"]
[Date "1999.??.??"]
[Round "2"]
[White "Gukasian, Rudolf"]
[Black "Emelianov, Sergey"]
[Result "1/2-1/2"]
[WhiteElo "2300"]
[BlackElo "2265"]
[PlyCount "86"]
[EventDate "1999.??.??"]
[EventType "swiss"]
[EventRounds "9"]
[EventCountry "RUS"]
[SourceTitle "EXT 2002"]
[Source "ChessBase"]
[SourceDate "2001.11.25"]
[SourceVersion "1"]
[SourceVersionDate "2001.11.25"]
[SourceQuality "1"]

1. e4 c5 2. Nc3 Nc6 3. g3 g6 4. Bg2 Bg7 5. d3 d6 6. Nh3 e6 7. 0-0 Nge7 8. Be3 0-0 9. Qd2 Nd4 10. Nd1 e5 11. f4 Rb8 12. c3 Ndc6 13. a3 b6 14. Ndf2 d5 15. fxe5 Nxe5 16. exd5 Nxd5 17. Bh6 Bb7 18. Bxg7 Kxg7 19. Rae1 f6 20. d4 Nc4 21. Qd3 Nxb2 22. Qb5 Nxc3 23. Qxb2 Bxg2 24. Kxg2 Qxd4 25. Nf4 Rbe8 26. Ne6+ Rxe6 27. Rxe6 Qd5+ 28. Kg1 Qxe6 29. Qxc3 Re8 30. Rd1 Re7 31. a4 h5 32. Qf3 Rd7 33. Rb1 Qd5 34. Qe3 Qd6 35. Qb3 Qc6 36. Re1 c4 37. Qb5 Qxb5 38. axb5 Rd5 39. Re7+ Kh6 40. Rxa7 Rxb5 41. Rc7 Rb1+ 42. Kg2 b5 43. h4 g5 1/2-1/2